000 00340nam a2200121Ia 4500
999 _c5160
_d5160
008 200103s 1956 ||||xx |||||||||||||| ||und||
082 _a623.865
_bHMS
100 _aHMSO
245 0 _aNmerchant shipping Survey of fire appliances Instructions to Surveyors
260 _bHMSO, London
_c1956
_aLondon
300 _av, 85p.
942 _cBK